000 00687cam a22001935a 4500
001 L156193
008 120502s1785 xxk f 000 0 eng d
035 _a(Sirsi) u156193
041 0 _aeng
245 0 0 _aElements of modern gardening
_bor, The art of laying out of pleasure grounds, ornamenting farms, and embellishing the views round about our houses
260 _aLondon
_bprinted at the Logographic Press
_c1785
300 _a80 p.
_c19 cm.
520 _aBy John Trusler? In Trusler's works, 1781-97.
583 _aCondition reviewed
_c20120620
_lcondition level 4
651 4 _aGreat Britain
_y1707-
690 _aRural
_96268
700 1 _aTrusler, John
_d1735-1820
942 _n0
999 _c114091
_d114091